00192nam a22000857a 4500020001800000100001500018245003000033260003100063300001200094 a9780545665384 aBruce Hale aBig Bad- Detective Agency aNew YorkbScholasticc2015 a120 pgs